LEADER 00916nam a2200217 i 4500 001 000000154937 003 CaOOAMICUS 005 20061028000000.0 008 061028s1931 it u000 u ita u 013 $a132286 040 $aSeMil$bita 100 1 $aMorazzoni, Giuseppe.$0(OLS)http://semarc/name/60598 245 13$aLa moda a Venezia nel secolo 18. /$cNote di G. Morazzoni. 260 $aMilano :$b[s.n.],$c1931. 300 $a105 p., [CVIII] p. di tav. ;$c34 cm. 500 $aIn mezzo al front : Edite a cura de l'Associazione "Gli Amici del Museo Teatrale alla Scala". 650 4$aAbbigliamento - Venezia - Sec. 18.$0(OLS)http://semarc/subject/30337 850 $aSeMil 852 $aSeMil$W1$xVenegono$y1$m5K X 14$j106788$B106788$CSeMilBibl$Z2$F116052 $8I 996 $6245$aLa moda a Venezia nel secolo 18.$9(OLS)http://semarc/title/226838 996 $6260$aMilano :$b[s.n.]$9(OLS)http://semarc/publisher/29709 LEADER 02039nam a2200325 i 4500 001 000000026016 003 CaOOAMICUS 005 20240509145541.0 008 180830s17531763it u000 u ita u 040 $aSeMil$bita 100 1 $aMazzuchelli, Giovanni Maria,$d<1707-1765>.$0(OLS)http://semarc/name/11578 245 14$aGli scrittori d'Italia cioč Notizie storiche, e critiche intorno alle vite, e agli scritti dei letterati italiani del conte Giammaria Mazzuchelli bresciano. Volume 1. Parte 1 [-volume 2. Parte 4.]. 264 1$aIn Brescia :$bPresso Giambatista Bossini,$c1753-1763. 300 $a6 v. ;$cfol. 500 $aVignetta calcogr. con ritr. del Mazzuchelli disegnata e incisa da Pietro Scalvin sui front. 500 $aIniziali ornate 500 $aTesto anche su due colonne 500 $aPubblicazione lasciata interrotta per la morte dell'autore 650 4$aLetterati italiani - Enciclopedie e dizionari - Ed. ante 1900.$0(OLS)http://semarc/subject/4166 700 1 $aScalvini, Pietro .$0(OLS)http://semarc/name/90148 700 1 $aBossini, Giovanni Battista,$c.$0(OLS)http://semarc/name/11579 774 0 $aMazzuchelli, Giovanni Maria <1707-1765>$tVolume 1. Parte 1.$g1$w()208991 774 0 $aMazzuchelli, Giovanni Maria <1707-1765>$tVolume 1. Parte 2.$g1$w()209450 774 0 $aMazzuchelli, Giovanni Maria <1707-1765>$tVolume 2., Parte 1.$g2$w()209451 774 0 $aMazzuchelli, Giovanni Maria <1707-1765>$tVolume 2., Parte 2.$g2$w()209452 774 0 $aMazzuchelli, Giovanni Maria <1707-1765>$tVolume 2., Parte 3.$g2$w()209453 774 0 $aMazzuchelli, Giovanni Maria <1707-1765>$tVolume 2., Parte 4.$g2$w()209454 996 $6245$aGli scrittori d'Italia cioč Notizie storiche, e critiche intorno alle vite, e agli scritti dei letterati italiani del conte Giammaria Mazzuchelli bresciano. Volume 1. Parte 1 [-volume 2. Parte 4.]$9(OLS)http://semarc/title/35080 996 $6264$aIn Brescia :$bPresso Giambatista Bossini$9(OLS)http://semarc/publisher/36685